| 000 | 00835nas a2200265 4500 | ||
|---|---|---|---|
| 001 | BR2010004101 | ||
| 003 | BR-BrBNA | ||
| 005 | 20231205114657.0 | ||
| 007 | ta | ||
| 008 | 230509b bl.|||p| |||| 00| 00por d | ||
| 040 |
_aBR-BrBNA _bpor _cBiblioteca Nacional de Agricultura |
||
| 041 | _a(Pt) | ||
| 072 | _aH10 | ||
| 100 | 1 | _aMonteiro, L.B. | |
| 100 | 1 | _aSouza, A. | |
| 245 | 1 | _aControle de tortricídeos em Macieira com duas formulações de Bacillus thuringiensis var. Kustaki em Fraiburgo-SC | |
| 650 | _aMAÇÃ | ||
| 650 | _aPRAGA DE PLANTA | ||
| 650 | _aLAGARTA | ||
| 650 | _aINSETICIDA | ||
| 650 | _aCONTROLE BIOLÓGICO | ||
| 773 | 0 |
_tRevista Brasileira de Fruticultura (Brazil) _xISSN 0100 2945 _g(Jun 2010), v. 32(2) p. 423-428 _wBR2010004101 |
|
| 909 |
_a202311 _bLúcia _c55 _dLúcia Elande |
||
| 942 |
_2AGRIS _n0 _cANA |
||
| 999 |
_c209903 _d209903 |
||